Normal view
MARC view
- Gupta R
Entry Personal Name
001 - CONTROL NUMBER
- control field: 1571
003 - CONTROL NUMBER IDENTIFIER
- control field: OSt
005 - DATE AND TIME OF LATEST TRANSACTION
- control field: 20160927160906.0
008 - FIXED-LENGTH DATA ELEMENTS
- fixed length control field: 160927|| aca||aabn | a|a d
040 ## - CATALOGING SOURCE
- Original cataloging agency: OSt
- Transcribing agency: OSt
100 ## - HEADING--PERSONAL NAME
- Personal name: Gupta R
670 ## - SOURCE DATA FOUND
- Source citation: Work cat.: (OSt)13834: Gupta R, Popular Master Guide U G C Junior Research Fellowship and Lectureship Exam
